LEADER 00909nam0-22003011i-450- 001 990006538280403321 005 20001010 035 $a000653828 035 $aFED01000653828 035 $a(Aleph)000653828FED01 035 $a000653828 100 $a20001010d--------km-y0itay50------ba 101 0 $aita 105 $ay-------001yy 200 1 $a<>forza di legge$eCritica delle tendenze asistematiche nella teoria delle fonti legislative e regolamentari$fGiovanni Quadri 210 $aNapoli$cE. Jovene$d1965. 215 $a48 p.$d22 cm 225 1 $aPubblicazioni della Facoltà giuridica dell'Università di Napoli$v80 676 $a340.01 700 1$aQuadri,$bGiovanni$0114620 801 0$aIT$bUNINA$gRICA$2UNIMARC 901 $aBK 912 $a990006538280403321 952 $aUNIV. 5 (80)$b27$fFSPBC 959 $aFSPBC 996 $aForza di legge$9619739 997 $aUNINA DB $aGEN01